000 00337pab a2200145 454500
008 180718b1997 xxu||||| |||| 00| 0 eng d
100 _aKieser, Alfred
245 _aRhetoric and myth in management fashion
260 _c1997
300 _ap.49-74
362 _aFeb
650 _aManagement
773 _aOrganization
909 _a35237
999 _c35237
_d35237